书目信息 |
| 题名: |
C语言程序设计
|
|
| 作者: | 武雅丽、王永玲、解亚利等编著 , 武雅丽 , 王永玲 , 解亚利 | |
| 分册: | ||
| 出版信息: | 北京 清华大学出版社 2007.1 |
|
| 页数: | ||
| 开本: | 26cm | |
| 丛书名: | 高校学校公共课计算机教材系列 | |
| 单 册: | ||
| 中图分类: | TP312 | |
| 科图分类: | ||
| 主题词: | 软件 | |
| 电子资源: | ||
| ISBN: | 978-7-302-14441-0 | |
| 000 | 01080nam0 2200277 45 | |
| 001 | 010472120452 | |
| 005 | 20080303165222.70 | |
| 010 | @a978-7-302-14441-0@dCNY28.00 | |
| 100 | @a20070513d2007 ekmy0 y0120 ea | |
| 102 | @aCN@b110000 | |
| 105 | @ay z 000yy | |
| 200 | 1 | @aC语言程序设计@f武雅丽,王永玲,解亚利等编著@Fwu ya li,wang yong ling,jie ya li deng bian zhu |
| 210 | @a北京@c清华大学出版社@d2007.1 | |
| 215 | @d26cm | |
| 225 | 2 | @a高校学校公共课计算机教材系列 |
| 300 | @a高等学校学生,C语言初学者 | |
| 330 | @a本书是作者在多年C语言教学实践经验及吸收国内外优秀教材特点的基础上精心编写而成的。全书共分14章,主要内容可分两部分:第1部分为C语言基础,包括基本数据类型、控制结构、数组、函数和编译预处理;第2部分为C语言的高级编程技术,也是C语言区别于其他高级语言部分,包括 | |
| 606 | 1 | @a软件 |
| 690 | @aTP312@v4 | |
| 701 | 0 | @a武雅丽、王永玲、解亚利等编著 |
| 701 | 0 | @a武雅丽@Awu ya li@4编著 |
| 701 | 0 | @a王永玲@Awang yong ling@4编著 |
| 701 | 0 | @a解亚利@Ajie ya li@4编著 |
| 801 | 0 | @aCN@b安徽儒林@c20080303 |
| 905 | @dTP312@eW9892 | |
| 906 | @dCNY28.00@n3@r1 | |
| C语言程序设计/武雅丽,王永玲,解亚利等编著.-北京:清华大学出版社,2007.1 |
| 26cm.-(高校学校公共课计算机教材系列) |
| 高等学校学生,C语言初学者 |
| ISBN 978-7-302-14441-0:CNY28.00 |
| 本书是作者在多年C语言教学实践经验及吸收国内外优秀教材特点的基础上精心编写而成的。全书共分14章,主要内容可分两部分:第1部分为C语言基础,包括基本数据类型、控制结构、数组、函数和编译预处理;第2部分为C语言的高级编程技术,也是C语言区别于其他高级语言部分,包括 |
| ● |
| 相关链接 |
|
|
|
正题名:C语言程序设计
索取号:TP312/W9892
 
预约/预借
| 序号 | 登录号 | 条形码 | 馆藏地/架位号 | 状态 | 备注 |
| 1 | 479625 | 204796257 | 计算机与数据科学学院资料室/ [索取号:TP312/W9892] | 在馆 |